| 000 | 00491nam a22001817a 4500 | ||
|---|---|---|---|
| 003 | OSt | ||
| 005 | 20140310182109.0 | ||
| 008 | 130824t xxu||||| |||| 00| 0 eng d | ||
| 020 | _a9780140440966 | ||
| 050 |
_aPG 3458 _b.C515 1951 |
||
| 082 |
_aHS 891.723 _b.C41 1954 |
||
| 100 |
_aChekhov, Anton _913304 |
||
| 245 |
_aAnton Chekhov: _bPlays / _cAnton Chekhov. |
||
| 260 |
_aEngland : _bClays Ltd, St Ives plc, _c1954 |
||
| 300 |
_a453 p. : _c13 cm. |
||
| 541 | _j1 | ||
| 942 |
_2lcc _cHS _kPG |
||
| 999 |
_c9345 _d9345 |
||